[Event "22nd Hogeschool Zeeland 2018"]
[Site "Vlissingen"]
[Date "2018.08.04"]
[Round "1"]
[White "Iturrizaga Bonelli, Eduardo"]
[Black "Smit, Ron"]
[Result "1-0"]
[WhiteElo "2640"]
[BlackElo "1867"]
[Annotator "TA"]
[PlyCount "73"]
[EventDate "2018.08.04"]
[EventType "swiss"]
[EventCountry "NED"]
[SourceTitle "playchess.com"]
[Source "ChessBase"]
[SourceQuality "1"]

{[%evp 9,73,14,31,8,46,34,49,11,69,70,80,43,62,51,49,33,128,137,118,108,173,166,161,172,165,156,172,171,192,184,184,174,197,193,191,195,231,232,261,259,272,238,294,290,300,261,256,238,279,278,444,293,573,564,547,532,645,708,732,725,717,704,663,640,2339,549]} 1. Nf3 d5 2. c4 c6 3. g3 Bg4 4. Bg2 e6 5. O-O Be7 $146 ({Predecessor:} 5... Nf6 6. d3 Bd6 7. Nc3 O-O 8. Be3 Nbd7 9. Qb3 Qb8 10. a3 Re8 11. Rfc1 Bh5 12. Qc2 a5 13. b3 h6 14. Qb2 {0-1 (67) Pantsulaia,L (2612)-Carlsen,M (2837) Riadh 2017}) 6. b3 {A11: English Opening: 1...c6} Bf6 7. Nc3 Ne7 8. Ba3 {White is slightly better.} Bf5 (8... Qa5 $11 9. Bb2 b5) 9. d4 $14 O-O 10. Re1 Re8 11. Qd2 $36 {[%mdl 2048] White has the initiative.} Nd7 12. Rad1 (12. h4 {feels hotter.} a5 13. Bb2 h6 14. e3 Bg6 15. g4) 12... Qa5 ({Better is} 12... a5 $14) 13. Bxe7 $1 $16 Bxe7 14. Nxd5 $1 Qxd2 (14... Bd8 $16 15. Nc3 Bg6) 15. Nxe7+ $18 Rxe7 16. Nxd2 Bg6 17. b4 Nf6 18. e4 Rc7 19. Nb3 h6 20. a4 {[%cal Ba2a4,Ba4a5][%mdl 32]} Rf8 21. f4 Nd7 22. a5 a6 23. Rd2 Nf6 24. h3 Nd7 25. Re3 Nf6 26. g4 Nd7 27. Kh2 f6 28. Kg3 Bf7 29. e5 Bg6 (29... Re8 $142 30. Be4 Rd8) 30. h4 f5 $2 {[#]} (30... Bf7 {was worth a try.} 31. h5 Kh8) 31. d5 {White is clearly winning.} cxd5 32. cxd5 Nxe5 {intending ...Nc4.} 33. d6 Rc4 34. Rxe5 Rc3+ 35. Kh2 Rxb3 36. gxf5 Rxb4 37. d7 {Precision: White = 64%, Black = 27%.} (37. fxg6 $142 Ra8 38. Rxe6 Rxf4 39. d7 Rff8 40. Bxb7 Rab8 41. Bxa6 Rbd8 42. Bb7) 1-0

[Event "22nd Hogeschool Zeeland 2018"]
[Site "Vlissingen"]
[Date "2018.08.04"]
[Round "1"]
[White "Chanda, Sandipan"]
[Black "Van Driel, Eric"]
[Result "1-0"]
[WhiteElo "2554"]
[BlackElo "1864"]
[Annotator "TA"]
[PlyCount "41"]
[EventDate "2018.08.04"]
[EventType "swiss"]
[EventCountry "NED"]
[SourceTitle "playchess.com"]
[Source "ChessBase"]
[SourceQuality "1"]

{[%evp 20,41,11,1,28,26,31,0,61,60,65,56,81,61,87,90,168,168,253,262,304,292,292,293]} 1. d4 e6 2. e4 d5 3. e5 c5 4. c3 Qb6 5. Nf3 Bd7 6. Be2 cxd4 7. cxd4 Bb5 8. Nc3 {[%cal Bb1c3,Bc3e2,Be2g3,Bg3h5][%mdl 32]} Bxe2 {C02: French: Advance Variation} 9. Nxe2 Nc6 (9... Ne7 10. O-O Nec6 11. Rb1 a5 12. Nf4 Nd7 13. Be3 Be7 14. Nd2 a4 15. h4 Nxd4 16. Qg4 {1-0 (36) Svidler,P (2742)-Gelfand,B (2729) Rishon Le Ziyyon 2006}) 10. O-O Nge7 11. Ng3 {LiveBook: 6 Games} h6 $146 ({Predecessor:} 11... h5 12. h4 Ng6 13. Bg5 Be7 14. Bxe7 Ngxe7 15. b4 g6 16. Rb1 {1-0 (28) Petrov,M (2469)-Popchev,M (2281) Primorsko 2016}) 12. Rb1 Rc8 13. Kh1 Ng6 (13... h5 $11) 14. Nh5 $1 $14 Rg8 15. Be3 Be7 16. b4 Qc7 17. Qa4 b5 (17... a6 $16 {was called for.}) 18. Qxb5 $18 Rb8 (18... a5 $142 19. bxa5 Qxa5) 19. Qa4 {[#] And now Rfc1 would win.White has a decisive advantage.} Rxb4 20. Rxb4 Bxb4 21. Rc1 {Precision: White = 75%, Black = 22%.} 1-0

[Event "22nd Hogeschool Zeeland 2018"]
[Site "Vlissingen"]
[Date "2018.08.04"]
[Round "1"]
[White "Zeng, Chongsheng"]
[Black "Westerweele, Maarten"]
[Result "1-0"]
[WhiteElo "2539"]
[BlackElo "1859"]
[Annotator "TA"]
[PlyCount "63"]
[EventDate "2018.08.04"]
[EventType "swiss"]
[EventCountry "NED"]
[SourceTitle "playchess.com"]
[Source "ChessBase"]
[SourceQuality "1"]

{[%evp 18,63,54,59,134,140,133,144,178,118,168,176,257,241,217,240,241,218,208,185,192,185,196,195,256,235,234,209,258,278,262,267,275,156,161,166,207,236,292,292,284,289,293,274,393,377,390,100]} 1. e4 e6 2. d4 d5 3. Nd2 Be7 4. Bd3 Nf6 5. e5 Nfd7 6. Ne2 c5 7. c3 Nc6 8. O-O {C06: Französische Verteidigung (Tarrasch-Variante)} a5 9. Nf3 (9. f4 cxd4 10. cxd4 Nb6 11. Nf3 Bd7 12. g4 a4 13. f5 Nb4 14. Ng3 Nxd3 15. Qxd3 g6 {1-0 (36) Navara,D (2718)-Bischoff,K (2504) Germany 2014}) 9... cxd4 10. cxd4 {LiveBook: 4 Partien. Weiß steht etwas besser.} (10. Nexd4 Ndxe5 11. Nxe5 Nxe5 $15) 10... g5 (10... a4 $14) 11. Be3 $146 ({Vorgänger:} 11. Qd2 h6 12. Ne1 f5 13. exf6 Bxf6 14. Bg6+ Ke7 15. b3 b5 16. f4 g4 17. Bb2 {1-0 (30) Le Diouron,A (1995)-Gonzalez,M (1824) Aix les Bains 2007}) 11... g4 12. Ne1 Qb6 13. Nc2 (13. Nf4 $18) 13... Nf8 14. Nf4 Bd7 (14... h5 {war einen Versuch wert.} 15. f3 g3 16. hxg3 h4) 15. Qxg4 $18 Ng6 16. Nh5 O-O-O 17. Qe2 Kb8 18. f4 Nh4 19. g4 Rdg8 {[#]} 20. Kh1 $1 Qd8 (20... Na7 $142 21. f5 exf5) 21. Rg1 h6 22. Raf1 f5 23. exf6 $1 Bxf6 24. Nxf6 Qxf6 25. Rg3 (25. Qe1 $18) 25... h5 $16 26. g5 $36 {[%mdl 2048] Läuft bei Weiss.} Qf7 27. f5 Nxf5 28. Bxf5 exf5 29. Bf4+ Ka8 30. Qb5 Re8 (30... Qe8 $142 31. Re3 (31. Qxd5 Be6 $18) 31... Qd8) 31. Ra3 $18 {[#] Weiss droht Dxa5+! und Matt.} ({Schwächer ist} 31. g6 Qe7 $18) 31... Re6 32. Bc1 $2 {Precision: Weiß = 76%, Schwarz = 40%.} (32. Rb3 $18 {[%csl Gb3][%cal Rb5b7] und Weiss behält klar die Oberhand.} Bc8 33. Ne3 (33. Qxd5 Rd8 $18) 33... Rxe3 34. Rxe3) 1-0

[Event "22nd Hogeschool Zeeland 2018"]
[Site "Vlissingen"]
[Date "2018.08.04"]
[Round "1"]
[White "Hausrath, Daniel"]
[Black "Homfeldt, Christopher"]
[Result "1-0"]
[WhiteElo "2502"]
[BlackElo "1854"]
[Annotator "TA"]
[PlyCount "81"]
[EventDate "2018.08.04"]
[EventType "swiss"]
[EventCountry "NED"]
[SourceTitle "playchess.com"]
[Source "ChessBase"]
[SourceQuality "1"]

{[%evp 17,81,32,34,13,33,45,67,57,89,86,91,74,90,93,90,102,142,154,200,174,190,148,138,143,122,141,131,125,135,134,124,95,93,95,95,89,92,89,112,111,112,93,95,87,95,95,95,88,90,0,94,93,114,111,212,223,226,208,222,226,210,217,306,306,286,270]} 1. Nf3 c5 2. g3 Nc6 3. Bg2 Nf6 4. O-O g6 5. b3 Bg7 6. Bb2 O-O 7. c4 e6 {A30: Englische Eröffnung (Symmetrische Variante)} (7... d6 8. d4 cxd4 9. Nxd4 Bd7 10. Nc3 Nxd4 11. Qxd4 Bc6 12. Rfd1 Qa5 13. Qd2 Bxg2 14. Kxg2 Rfc8 15. f3 a6 16. g4 Kf8 17. a4 Qb4 18. Qc2 Qc5 19. a5 h5 {0-1 (52) Jobava,B (2690)-Shimanov,A (2641) chess.com INT 2018}) 8. d4 cxd4 9. Nxd4 d5 {LiveBook: 3 Partien. Weiß steht etwas besser.} 10. Nd2 Qb6 11. e3 Ne7 $146 ({Vorgänger:} 11... Re8 12. N2f3 dxc4 13. Nxc6 bxc6 14. Ne5 Bb7 15. Nxc4 {1-0 (27) Serreau,D (2000)-Sztruhar,Z (2085) Budapest 2001}) 12. Rc1 Bd7 13. Rc2 Rfd8 14. Qa1 e5 15. N4f3 Bf5 16. Rcc1 {[%cal Bc2c1,Bc1d1,Bd1d6][%mdl 32]} Bd3 17. Rfd1 dxc4 18. Nxe5 cxb3 19. Nxd3 ({Auf keinen Fall} 19. axb3 $6 Be2 $16) 19... Rxd3 20. Nc4 Rxd1+ 21. Rxd1 Qa6 22. axb3 Qxa1 23. Bxa1 Nc6 24. Bxc6 bxc6 25. Bxf6 Bxf6 $16 {[%mdl 4096] Endspiel KTL-KTS} 26. Rd6 Be7 27. Rxc6 Rb8 28. Rc7 Kf8 29. Nd2 a5 30. Ra7 h5 31. Kf1 Bb4 32. Ne4 Be7 33. Nd2 Bb4 $1 {[%cal Rb4d2]} 34. Nc4 Rb5 35. Ke2 Bc3 {[#]} (35... g5 $16 {war nötig.} 36. f3 Kg7) 36. Rxf7+ $1 $18 {[%mdl 512]} Kg8 (36... Kxf7 37. Nd6+) 37. Ra7 Rxb3 38. Nxa5 Rb2+ {[#]} 39. Kf1 $1 Ra2 (39... Rb5 $142) 40. Nc6 Rxa7 41. Nxa7 {Precision: Weiß = 79%, Schwarz = 40%.} 1-0

[Event "22nd Hogeschool Zeeland 2018"]
[Site "Vlissingen"]
[Date "2018.08.04"]
[Round "1"]
[White "Henrichs, Thomas"]
[Black "Van Dijkhuizen, Robbert"]
[Result "1-0"]
[WhiteElo "2486"]
[BlackElo "1845"]
[Annotator "TA"]
[PlyCount "47"]
[EventDate "2018.08.04"]
[EventType "swiss"]
[EventCountry "NED"]
[SourceTitle "playchess.com"]
[Source "ChessBase"]
[SourceQuality "1"]

{[%evp 22,47,12,-8,-6,0,0,0,-1,0,255,260,395,394,425,391,507,485,474,507,485,458,455,444,802,817,1132,1154]} 1. d4 d5 2. c4 c6 3. Nf3 Nf6 4. Nc3 e6 5. e3 Nbd7 6. Qc2 Be7 7. Bd3 h6 8. b3 O-O 9. Bb2 {D45: Semi-Slav: 5 e3} b6 10. O-O Bb7 11. Rad1 Qc7 12. Ne5 {LiveBook: 3 Games} (12. Qe2 Rad8 13. Rfe1 Rfe8 14. Bb1 Bf8 15. Ne5 dxc4 16. Nxd7 Rxd7 17. bxc4 c5 18. d5 exd5 19. Nxd5 Nxd5 20. cxd5 {0-1 (29) Gelfand,B (2703)-Ivanchuk,V (2710) Jerusalem 2018}) 12... Nxe5 13. dxe5 {[%cal Bd4e5,Be5f6][%mdl 32]} dxc4 $146 ({Predecessor:} 13... Ng4 14. h3 Nxe5 15. Bh7+ Kh8 16. cxd5 cxd5 17. Nxd5 Qxc2 18. Bxc2 Bxd5 19. Bxe5 Rac8 {½-½ (19) Santos,M (2394)-Stamenkovic,D (2394) Campinas 2010}) 14. Bxc4 Ng4 15. Ne4 {Strongly threatening h3.} h5 $2 {[%mdl 8192]} (15... Rfd8 $11 {and Black is okay.}) 16. h3 $18 Nh6 {[#]} (16... b5 {is a better defense.} 17. Be2 (17. hxg4 bxc4 18. bxc4 hxg4 $16) 17... Nh6) 17. Nf6+ $1 {[%mdl 512]} Bxf6 (17... gxf6 18. Bxe6) 18. exf6 g6 {[#]} 19. Bxe6 $1 {[%mdl 512] White wants to mate with Qxg6+.White is clearly winning.} Kh7 (19... fxe6 20. Qxg6+) 20. Rd7 Qb8 21. Re7 Bc8 22. Bc4 Bf5 (22... b5 $142 23. Bd3 Bf5) 23. e4 Bc8 24. Be5 {Precision: White = 85%, Black = 37%.} 1-0

[Event "22nd Hogeschool Zeeland 2018"]
[Site "Vlissingen"]
[Date "2018.08.04"]
[Round "1"]
[White "Beerdsen, Thomas"]
[Black "Bishoen, Bob"]
[Result "1-0"]
[WhiteElo "2469"]
[BlackElo "1837"]
[Annotator "TA"]
[PlyCount "81"]
[EventDate "2018.08.04"]
[EventType "swiss"]
[EventCountry "NED"]
[SourceTitle "playchess.com"]
[Source "ChessBase"]
[SourceQuality "1"]

{[%evp 12,80,-9,-16,26,-4,82,15,5,18,66,4,187,183,189,83,92,87,87,78,82,95,97,79,103,54,46,41,151,129,136,127,182,147,151,144,435,445,411,423,398,306,270,250,264,275,258,257,323,330,328,322,396,333,336,299,330,285,282,274,535,510,703,699,669,662,752,755,810,801,29999]} 1. e4 g6 2. d4 Bg7 3. Nc3 d6 4. h4 Nf6 5. h5 (5. f3 c6 6. Be3 b5 7. Qd2 h6 8. g4 Nbd7 9. Nge2 Qa5 10. Ng3 Nb6 11. Nb1 Qa6 12. b3 Qb7 13. a4 bxa4 14. bxa4 Be6 15. Nc3 {1-0 (46) Ponkratov,P (2613)-Petrosian,T (2601) Riadh 2017}) 5... Nxh5 6. g4 {B06: Modern Defence} Nf6 7. g5 {LiveBook: 5 Games} Ng8 8. Bc4 $146 {White has an edge.} ({Predecessor:} 8. Be3 a6 9. Qd2 b5 10. O-O-O e6 11. f3 Nd7 12. Re1 {0-1 (37) Vlassov,N (2454)-Loginov,A (2320) Moscow 1999}) 8... Be6 (8... Nc6 $11) 9. d5 ({Better is} 9. Bxe6 $16 {And now Bb3 would win.} fxe6 10. Be3) 9... Bd7 $11 10. Be3 e5 11. dxe6 (11. Qd2 $14) 11... Bxe6 $2 (11... fxe6 $11 {and Black has nothing to worry.} 12. Bd4 Qe7) 12. Bd4 $1 $36 {[%mdl 2048] Keeping Black busy.} Be5 13. Bxe5 (13. Bxe6 $18 {and White stays clearly on top.} fxe6 14. f4 Bxd4 15. Qxd4) 13... dxe5 $16 14. Qxd8+ Kxd8 15. Bxe6 fxe6 16. O-O-O+ Kc8 17. Nf3 {[%mdl 1024] White has strong compensation.} Nc6 18. b4 {[%cal Bb2b4,Bb4b5][%mdl 32] Threatens to win with b5.} a6 19. a4 {[%cal Ba2a4,Ba4b5][%mdl 32] Strongly threatening b5.} h5 ({Black should play} 19... b5 $1 $14) 20. b5 $1 {[%cal Rb5c6]} axb5 21. axb5 Ra1+ (21... Nd8 $16) 22. Kb2 Rxd1 23. Rxd1 ({But not} 23. Nxd1 $6 Nb8 $14) 23... Nd4 $2 {[%mdl 8192]} (23... Na7 $16) 24. Nxe5 $18 c5 25. Na4 Ne7 26. Nxc5 Nxb5 27. Nf7 Rh7 28. Nxe6 {[%csl Ge6,Gf7][%cal Rd1d8]} Nc6 {[#]} 29. c4 $1 {[%cal Rc4b5]} Nc7 30. Nd6+ Kb8 {[#]} 31. Nf8 $1 {[%csl LRg6,LRh7][%cal Rf8h7]} Rg7 32. Kc3 Na6 33. Ne8 Re7 34. Nf6 Nc5 35. f3 Ne6 $2 (35... Rg7 {was worth a try.} 36. Rb1 Nd8) 36. Nd5 Re8 37. Nd7+ Kc8 38. N7b6+ Kb8 39. Ra1 {[%csl Gb6][%cal Ra1a8]} Na7 40. Nd7+ Ka8 41. N5b6# {Precision: White = 66%, Black = 31%.} 1-0

[Event "22nd Hogeschool Zeeland 2018"]
[Site "Vlissingen"]
[Date "2018.08.04"]
[Round "1"]
[White "Vrolijk, Liam"]
[Black "Priemer, Siegfried"]
[Result "1-0"]
[WhiteElo "2430"]
[BlackElo "1836"]
[Annotator "TA"]
[PlyCount "93"]
[EventDate "2018.08.04"]
[EventType "swiss"]
[EventCountry "NED"]
[SourceTitle "playchess.com"]
[Source "ChessBase"]
[SourceQuality "1"]

{[%evp 11,92,87,102,87,130,130,132,138,133,89,122,109,124,89,93,99,79,63,79,69,87,44,70,57,119,92,96,100,83,89,98,91,184,148,240,224,358,345,333,325,518,425,444,436,425,386,405,389,1071,1049,1125,1119,1197,1194,2097,1974,2128,2116,2894,2844,29990,29989,29989,29990,29991,29992,29992,29992,29993,29994,29994,29990,29990,29991,29992,29993,29996,29996,29997,29998,29998,29999,29999]} 1. e4 e5 2. Nf3 Nf6 3. Nxe5 Qe7 4. d4 d6 5. Nf3 Nxe4 6. Be2 d5 7. O-O {C42: Petroff Defence: 3 Nxe5 and unusual White 3rd moves} Be6 {[#]} 8. c4 $1 {[%mdl 512]} (8. Re1 Qd8 9. Bd3 Be7 10. Bxe4 dxe4 11. Rxe4 O-O 12. Nc3 Re8 13. Bf4 Nd7 14. d5 Bf5 15. Bxc7 Qxc7 16. Rxe7 Rxe7 {1-0 (33) Dothan,Y (2501)-Lehtinen,P (2400) Finland 2001}) 8... Nc6 (8... dxc4 9. Nc3) 9. cxd5 {White is clearly better.} Bxd5 $146 10. Nc3 Nxc3 11. bxc3 Qd7 12. c4 Bxf3 13. Bxf3 Be7 14. Be3 O-O 15. Rb1 Bf6 {[%cal Rc6d4]} 16. Bg4 Qd8 {[%cal Rf6d4]} 17. d5 Na5 (17... Ne5 $14) 18. Qd3 b6 19. c5 $36 {[%mdl 2048] Keeping Black busy.} Nb7 20. c6 Nd6 21. Bd7 g6 (21... Ne8 $16) 22. Rfe1 Bg7 (22... Be5 $16 23. Bh6 Qh4) 23. Bf4 $18 Qh4 (23... a5 $142 24. Qg3 Qb8) 24. Bxd6 cxd6 25. c7 Be5 (25... Bd4 {might work better.} 26. Rec1 Rac8) 26. g3 Qf6 27. Qa6 Bd4 28. Rf1 h5 29. c8=Q h4 $2 (29... Raxc8 30. Bxc8 h4) 30. Qc2 hxg3 31. hxg3 Qg5 32. Qad3 Bc5 33. Kg2 Rad8 34. Bc6 Kg7 35. Rh1 f5 36. f4 {White mates.} Qf6 37. Qcc3 Rf7 38. Rbe1 Rdf8 39. Re6 Qxc3 40. Qxc3+ Rf6 {[#]} 41. Rh7+ $3 Kxh7 42. Rxf6 Rxf6 43. Qxf6 b5 44. Be8 b4 45. Bxg6+ Kh6 46. Bxf5+ Kh5 47. g4# {Precision: White = 74%, Black = 47%.} 1-0

[Event "22nd Hogeschool Zeeland 2018"]
[Site "Vlissingen"]
[Date "2018.08.04"]
[Round "1"]
[White "Viani Antonio Dcunha"]
[Black "Mostertman, Johan"]
[Result "1-0"]
[WhiteElo "2414"]
[BlackElo "1832"]
[Annotator "TA"]
[PlyCount "49"]
[EventDate "2018.08.04"]
[EventType "swiss"]
[EventCountry "NED"]
[SourceTitle "playchess.com"]
[Source "ChessBase"]
[SourceQuality "1"]

{[%evp 9,49,71,73,64,64,64,59,52,83,35,37,0,51,22,100,92,147,121,156,121,124,117,202,166,375,379,332,246,220,224,544,538,897,863,835,838,823,830,1038,1001,29986,7860]} 1. e4 c5 2. Nf3 Nc6 3. c3 g6 4. d4 cxd4 5. cxd4 Bg7 {LiveBook: 10 Games} 6. d5 {B22: Sicilian: 2 c3} Ne5 7. Nd4 d6 8. Nc3 {White is slightly better.} Nf6 9. f4 $146 ({Predecessor:} 9. Be2 O-O 10. O-O Bd7 11. h3 Be8 12. f4 Ned7 13. Be3 Nb6 14. Rc1 Rc8 {1-0 (38) Strikovic,A (2465)-Sarmiento Alfonso,B (2210) Gran Canaria 1993}) 9... Ned7 10. Be2 O-O ({Black should play} 10... Nc5 $11) 11. Be3 $36 {[%mdl 2048] White is more active.} a6 (11... Nc5 $11 {remains equal.}) 12. O-O Qa5 ({Better is} 12... Nc5) 13. a3 Ne8 14. b4 Qd8 15. Rc1 Bxd4 (15... a5 $16 16. g4 axb4 17. axb4 Nc7) 16. Qxd4 e5 $2 {[#]} (16... b5 17. a4 bxa4 18. Nxa4 Rb8) 17. dxe6 $1 $18 fxe6 18. f5 Ne5 19. Bh6 Qf6 $2 (19... Ng7 {is a better chance.} 20. fxg6 Rxf1+ 21. Rxf1 hxg6) 20. Qe3 {[#] aiming for fxg6.} Ng7 21. Bg5 Qf7 22. fxe6 Qxe6 23. Nd5 Rxf1+ 24. Rxf1 Ne8 25. Ne7+ {Precision: White = 61%, Black = 23%.} 1-0

[Event "22nd Hogeschool Zeeland 2018"]
[Site "Vlissingen"]
[Date "2018.08.04"]
[Round "1"]
[White "Schoppen, Casper"]
[Black "Klein, Jorik"]
[Result "1-0"]
[WhiteElo "2395"]
[BlackElo "1828"]
[Annotator "NA"]
[PlyCount "43"]
[EventDate "2018.08.04"]
[EventType "swiss"]
[EventCountry "NED"]
[SourceTitle "playchess.com"]
[Source "ChessBase"]
[SourceQuality "1"]
[TimeControl "40/5400+30:1800+30"]

{[%evp 16,43,39,27,58,33,55,44,117,79,85,68,72,72,96,84,112,102,198,194,379,363,716,634,710,306,641,614,726,683]} 1. e4 {[%emt 0:00:00]} c5 {[%emt 0:00:00]} 2. Nf3 {[%emt 0:00:00]} d6 {[%emt 0:00:00]} 3. d4 {[%emt 0:00:00]} cxd4 {[%emt 0:00:00]} 4. Nxd4 {[%emt 0:00:00]} Nf6 {[%emt 0:00:00]} 5. Nc3 {[%emt 0:00:08]} a6 {[%emt 0:00:00]} 6. Bc4 {[%emt 0:00:57]} e6 {[%emt 0:02:43]} 7. Be3 {[%emt 0:00:27]} Be7 {[%emt 0:00:29]} 8. Bb3 {[%emt 0:01:56]} O-O {[%emt 0:07:18]} 9. g4 {[%emt 0:11:57] LiveBook: 17 Games. B86: Sicilian Scheveningen/Najdorf: 6 Bc4, without early ...b5} Ne8 {[%emt 0:20:51]} (9... Nfd7 10. h4 Nc5 11. g5 b5 12. a3 Bb7 13. f3 Nc6 14. Qd2 Nxb3 15. cxb3 b4 16. Nxc6 Bxc6 17. axb4 {1-0 (43) Sethuraman,S (2646)-Kokarev,D (2615) Riadh 2017}) 10. Qe2 {[%emt 0:07:55]} Nc6 $146 {[%emt 0:03:21]} ({Predecessor:} 10... Bd7 11. O-O-O {Black should try} Nc6 $14 12. Rhg1 b5 13. Nf5 Na5 14. Nxe7+ Qxe7 15. g5 Nxb3+ 16. axb3 Qd8 {1-0 (25) Genocchio,D (2416)-Tonus,A (1919) Conegliano 2008}) 11. O-O-O {[%emt 0:02:44] White is slightly better.} Bf6 {[%emt 0:08:15]} 12. f4 {[%emt 0:06:56]} (12. Nxc6 {with more complications.} bxc6 13. Na4 Be7 14. h4 Rb8 15. Kb1) 12... Nxd4 {[%emt 0:08:15]} 13. Bxd4 {[%emt 0:00:55]} Bxd4 {[%emt 0:00:06]} 14. Rxd4 {[%emt 0:00:09]} b5 {[%emt 0:00:19]} 15. Rhd1 {[%emt 0:01:21]} Qb6 {[%emt 0:01:34]} 16. f5 {[%emt 0:08:23]} e5 {[%emt 0:10:50]} (16... Qc5 $16) 17. R4d3 $18 {[%emt 0:01:49]} Bb7 $2 {[%emt 0:00:09]} (17... Qd8 18. Kb1 b4) 18. g5 {[%emt 0:01:48]} Kh8 $2 {[%emt 0:06:05]} (18... Rc8 19. g6 Rc7 20. gxf7+ Rcxf7) 19. Rh3 {[%emt 0:04:50] And now Qh5 would win.} g6 {[%emt 0:04:13] [#]} 20. f6 {[%emt 0:03:48]} (20. Bxf7 $142 $1 {[%mdl 512]} Rxf7 21. fxg6) 20... Bc8 $2 {[%emt 0:00:26]} (20... b4) 21. Nd5 {[%emt 0:02:23]} Qd8 {[%emt 0:00:17]} 22. Rh6 {[%emt 0:01:14] Precision: White = 66%, Black = 14%.} 1-0

[Event "22nd Hogeschool Zeeland 2018"]
[Site "Vlissingen"]
[Date "2018.08.04"]
[Round "1"]
[White "Gonzales, Jayson"]
[Black "Van der Hagen, Loek"]
[Result "1-0"]
[WhiteElo "2383"]
[BlackElo "1814"]
[Annotator "NA"]
[PlyCount "47"]
[EventDate "2018.08.04"]
[EventType "swiss"]
[EventCountry "NED"]
[SourceTitle "playchess.com"]
[Source "ChessBase"]
[SourceQuality "1"]
[TimeControl "40/5400+30:1800+30"]

{[%evp 17,47,11,25,8,7,0,7,5,14,-25,-31,-22,-28,-24,-8,-19,51,37,57,61,66,24,27,0,47,34,85,25,68,63,29998,29999]} 1. Nf3 {[%emt 0:00:00]} Nf6 {[%emt 0:00:00]} 2. c4 {[%emt 0:00:09]} g6 {[%emt 0:00:00]} 3. b3 {[%emt 0:01:18]} Bg7 {[%emt 0:00:00]} 4. Bb2 {[%emt 0:00:07]} O-O {[%emt 0:00:52]} 5. g3 {[%emt 0:01:12]} d6 {[%emt 0:01:33]} 6. Bg2 {[%emt 0:01:33]} e5 {[%emt 0:02:29]} 7. O-O {[%emt 0:00:30]} Nc6 {[%emt 0:02:26]} 8. d4 {[%emt 0:07:37]} Nd7 {[%emt 0:03:36] E60: King's Indian: Unusual lines and Fianchetto Variation without Nc3} (8... e4 9. Nfd2 e3 10. fxe3 Re8 11. Na3 Ng4 12. Nc2 Nxe3 13. Nxe3 Rxe3 14. Rf4 Qe7 15. Kf1 g5 16. Re4 Rxe4 17. Nxe4 {1-0 (55) Harikrishna,P (2726)-Aronian,L (2815) Dubai 2014}) 9. d5 {[%emt 0:13:26]} Ne7 {[%emt 0:00:37] LiveBook: 3 Games} 10. e4 {[%emt 0:00:02]} Nc5 {[%emt 0:06:40] The position is equal.} 11. Nc3 {[%emt 0:13:50]} a5 {[%emt 0:06:37]} 12. a3 $146 {[%emt 0:12:56]} ({Predecessor:} 12. Ne1 f5 13. f3 Bh6 14. Bc1 Bxc1 15. Rxc1 {0-1 (42) Barton,A (2080)-Hebden,M (2547) Hastings 2013}) 12... f5 {[%emt 0:03:50]} 13. b4 {[%emt 0:07:17]} Nxe4 {[%emt 0:10:44]} 14. Nxe4 {[%emt 0:02:39]} fxe4 {[%emt 0:00:59]} 15. Nd2 $1 {[%emt 0:01:49] [#]} e3 $1 {[%emt 0:07:10]} 16. fxe3 {[%emt 0:00:04]} c6 {[%emt 0:01:53]} (16... Nf5 $11) 17. Rxf8+ $14 {[%emt 0:03:42]} Bxf8 {[%emt 0:09:01]} 18. dxc6 {[%emt 0:00:28]} bxc6 {[%emt 0:01:42]} 19. Ne4 {[%emt 0:00:32] Threatens to win with Bxe5!} Nf5 {[%emt 0:03:44]} 20. c5 $36 {[%emt 0:09:42] Black must now prevent Bxe5! Black is under pressure.} (20. Bxe5 $5 Nxe3 21. Bf6 $11) 20... Be6 {[%emt 0:12:54]} 21. cxd6 {[%emt 0:07:41]} Nxe3 {[%emt 0:00:20] [#]} (21... axb4 $14 22. Nc5 (22. axb4 Nxe3 23. Rxa8 Qxa8 $16) (22. Bxe5 Rxa3 23. Rxa3 bxa3 $11) 22... bxa3 23. Bxe5 Qb6) 22. Qf3 {[%emt 0:00:35]} (22. Qe2 $1 $16 {[%cal Re2e3]} Nc4 23. Rc1 Nxb2 24. Qxb2) 22... Nxg2 {[%emt 0:06:09]} 23. Bxe5 {[%emt 0:00:55] Hoping for Nf6+.} ({But not} 23. Kxg2 Bxd6 24. Nf6+ Kg7 $17) 23... Bf5 $2 {[%emt 0:03:38]} (23... axb4 $14 24. axb4 (24. Kxg2 Bd5 $15) 24... Rxa1+ 25. Bxa1 Ne1) 24. Qb3+ {[%emt 0:00:20] Precision: White = 50%, Black = 24%.} 1-0